| 000 | 00342nam a22001217a 4500 | ||
|---|---|---|---|
| 020 | _a9789350041512 | ||
| 082 |
_222 _a005.7585 |
||
| 100 | _aLangit, Lynn. | ||
| 245 | _aSmart business intelligence solutions with microsoft SQL server 2008 / | ||
| 260 |
_aNew Delhi, _bDreamtech, _cc2011. |
||
| 300 |
_axxx, 765p. ; _bill. ; _c24 cm |
||
| 942 |
_2ddc _cIT |
||
| 999 |
_c536 _d536 |
||